000 00754nam a2200277Ia 4500
005 20250425161911.0
008 250425s9999 xx 000 0 und d
020 _a0130130923
041 _aeng
082 _a658.5
100 _aRUSSELL, ROBERTA S.
245 0 _aOPERATIONS MANAGEMENT: MULTIMEDIA VERSION
250 _a3TH ED.
260 _aEstados Unidos
_bPRENTICE HALL
_c2000
260 _aUPPER SADDLE RIVER
300 _a868
500 _aIncluye cd rom
650 _aADMINISTRACION DE LA PRODUCCION
650 _aADMINISTRACION DE LA PRODUCCION
650 _aADMINISTRACION DE LA PRODUCCION
650 _aCONTROL DE CALIDAD
650 _aCONTROL DE CALIDAD
650 _aCONTROL DE CALIDAD
942 _c01
010 _a34221
999 _c218425
_d218425